000 00364nam a22001337a 4500
082 _a355.009
_bWYL
100 _aWylly, H.C
_949198
245 _a1859 magenta and solfrino
_cWylly, H.C
260 _aNew York
_bThe macmillan company
_c1907
300 _a233p.:
_bill,;
_c15 cm.
526 _a0
_b0
_c0
_d355_009000000000000_WYL
650 _aMCE
_9379
942 _2ddc
_cBK
999 _c552011
_d552011